أينشتين والنسبية / (Record no. 17846)
[ view plain ]
| 000 -الفاتح | |
|---|---|
| حقل البيانات ثابتة الطول | 01067nam a22003017i 4500 |
| 003 - محدد رقم الضبط | |
| رقم الضبط | EG-ScBUE |
| 005 - وقت وتاريخ اخر تعامل مع التسجيلة | |
| رقم الضبط | 20260510135403.0 |
| 008 - عناصر البيانات ثابتة الطول - معلومات عامة | |
| حقل البيانات ثابتة الطول | 131212t1993 ua frb 000 0dara d |
| 017 ## - رقم الإيداع القانونى | |
| رقم الإيداع القانونى | 1993 / 7006 |
| 020 ## - الرقم الدولى المعيارى للكتب | |
| الرقم الدولى المعيارى للكتاب | 9770241598 |
| 040 ## - مصدر الفهرسة | |
| وكالة الفهرسة الأصلية | EG-ScBUE |
| لغة الفهرسة | ara |
| قواعد الوصف | rda |
| وكالة النسخ | EG-ScBUE |
| وكالة التعديل | EG-ScBUE |
| 082 04 - رقم تصنيف ديوى العشرى | |
| رقم التصنيف | 530.11 |
| رقم المادة | م ح م |
| رقم الطبعة | 22 |
| 100 1# - المدخل الرئيسى - إسم شخصى | |
| 9 (RLIN) | 34614 |
| الإسم الشخصى | محمود، مصطفى، |
| التواريخ المصاحبة للاسم | 1921-2009، |
| الدور | مؤلف. |
| 245 10 - بيان العنوان | |
| العنوان | أينشتين والنسبية / |
| بيان المسئوليه,etc | مصطفى محمود. |
| 250 ## - بيان الطبعة | |
| بيان الطبعة | الطبعة السابعة. |
| 264 #1 - النشر، التوزيع | |
| مكان الناشر او الموزع | القاهرة : |
| اسم الناشر او الموزع | دار المعارف، |
| تاريخ النشر أو التوزيع | [1993] |
| 264 #4 - النشر، التوزيع | |
| تاريخ النشر أو التوزيع | تاريخ حق النشر 1993 |
| 300 ## - الوصف المادى | |
| التعداد | 99 صفحة ؛ |
| أبعاد الوعاء | 20 سم |
| 336 ## - نوع المحتوى | |
| source | rdacontent |
| Carrier Type Term | نص |
| Content Type Code | txt |
| 337 ## - نوع الوسيط | |
| Media Type Term | بدون وسيط |
| source | rdamedia |
| Media Type Code | n |
| 338 ## - نوع الحامل أو الناقل | |
| Carrier Type Term | مجلد |
| Carrier Type Code | nc |
| source | rdacarrier |
| 504 ## - تبصرة ببليوجرافية | |
| تبصرة ببليوجرافية,الخ | يشتمل على إرجاعات ببليوجرافية. |
| 600 1# - المدخل الاضافى بالموضوع-اسم شخصى | |
| 9 (RLIN) | 15403 |
| الإسم الشخصى | أينشتين، ألبرت، |
| التواريخ المصاحبة للاسم | 1879-1955. |
| مصدر الرأس أو المصطلح | BUEsh |
| 650 #7 - المدخل الاضافى بالموضوع-مصطلح موضوعى | |
| 9 (RLIN) | 29673 |
| مصطلح موضوعي أو اسم جغرافي كعنصر مدخل | النسبية. |
| مصدر الرأس أو المصطلح | BUEsh |
| 653 ## - مصطلح تكشيفى غير مقيد | |
| Arrived date list | December2013 |
| 655 ## - مصطلح تكشيفى-نوع/شكل | |
| التقسيم الفرعي الشكلي | Reading book |
| 942 ## - عناصر المدخل الإضافي( كوها) | |
| مصدر التصنيف او مخطط الترفيف | Dewey Decimal Classification |
| Koha [default] item type | Book - Borrowing |
| سابقة رقم الطلب | 530.11 م ح م |
| حالة التراجع | حالة الفقد | مصدر التصنيف او خطة الترفيف | حالة تلف | ليس للاعارة | مجموعات كوها | المكان الدائم | المكان الحالي | موقع الترفيف | تاريخ الاكتساب | Source of acquisition | سعر الشراء الطبيعي | رقم الاستدعاء | الباركود | Date last seen | مُعار | التكلفة | نوع الوعاء |
|---|---|---|---|---|---|---|---|---|---|---|---|---|---|---|---|---|---|
| Dewey Decimal Classification | سور الازبكية | Central Library | Central Library | First floor | 12/12/2013 | 15.00 | 530.11 م ح م | 000035179 | 15/07/2025 | 18/10/2022 | 18.75 | Book - Borrowing |